| 000 | 00000nam 2200000za 4500 |
| 001 | 9.845280 |
| 003 | CaOODSP |
| 005 | 20221107152931 |
| 007 | cr ||||||||||| |
| 008 | 171010s1978 onc |o||||f|0| 0|eng d |
| 040 | |aCaOODSP|beng |
| 041 | |aeng|afre |
| 043 | |an-cn--- |
| 086 | 1 |aCS12-601/1978-PDF |
| 100 | 1 |aFontaine, Gérard D. |
| 245 | 10|aWord division in French |h[electronic resource] : |ba working manual to assist in the preparation of written copy in the French language = La division des mots en français : guide servant à la rédaction des manuscrits en français / |ccompiled by Gérard D. Fontaine. |
| 246 | 11|aDivision des mots en français : |bguide servant à la rédaction des manuscrits en français |
| 260 | |aOttawa : |bStatistics Canada, |c1978. |
| 300 | |a287 p. |
| 500 | |aDigitized edition from print [produced by Statistics Canada]. |
| 500 | |a"July 1978." |
| 546 | |aText in English and in French. |
| 692 | 07|2gccst|aFrench language |
| 692 | 07|2gccst|aTranslation |
| 710 | 2 |aStatistics Canada. |
| 792 | |tWord division in French |efre|w(CaOODSP)9.845282 |
| 856 | 40|qPDF|s40.11 MB|uhttps://publications.gc.ca/collections/collection_2017/statcan/CS12-601-1978.pdf |
| 986 | |a12-601 |